| 000 | 00888cam a2200253 4500 | ||
|---|---|---|---|
| 001 | ABS61501 | ||
| 008 | 000000n1999 000 0 eng u | ||
| 035 | _a(Sirsi) u102485 | ||
| 100 | _aHollis, M. | ||
| 245 | _aLevels of inspection - Part 2 | ||
| 260 | _c1999 | ||
| 490 |
_aThe Valuer _v68(6) November/December 1999, 6-7(2) |
||
| 520 | _aThe second of two articles looking at levels of inspection of buildings (for part 1 see ABS61334). Details checks to be made in the interior of a building, including the floors, services, loft space and doors. | ||
| 590 | _aABS | ||
| 650 | _aBUILDING INSPECTIONS | ||
| 650 | _aCHECKLISTS | ||
| 650 | _aINTERIOR SPACE | ||
| 650 | _aLOFTS | ||
| 650 | _aBUILT ENVIRONMENT-BUILDING ELEMENTS-COMPLETE BUILDING ELEMENTS-FLOORS | ||
| 650 | _aDOORS | ||
| 650 | _aSERVICES | ||
| 690 | _aBUILT ENVIRONMENT-BUILDING INSPECTION | ||
| 942 | _n0 | ||
| 999 |
_c61497 _d61497 |
||